Statistiques concernant Les pays d'Afrique et leur gentilé-Map Quiz

Cliquez ici pour prendre le quiz!

Statistiques générales

  • Ce quiz a été pris 59 fois
  • Le résultat moyen est 42 sur 51

Statistiques - réponses

HintRéponse% Correct
AlgerieAlgerien
100%
CamerounCamerounais
98%
CongoCongolais
98%
EgypteEgyptien
98%
EthiopieEthiopien
98%
GabonGabonais
98%
GuineeGuineen
98%
Côte d'ivoireIvoirien
98%
MaliMalien
98%
MarocMarocain
98%
NigeriaNigerian
98%
NigerNigerien
98%
SomalieSomalien
98%
TunisieTunisien
98%
ComoresComorien
96%
LibyeLibyen
96%
NamibieNamibien
96%
SénégalSenegalais
96%
AngolaAngolais
94%
GambieGambien
94%
KenyaKényan
94%
MauritanieMauritanien
94%
SoudanSoudanais
94%
BeninBeninois
92%
LiberiaLiberien
92%
Afrique du sudSud-africain
92%
ZambieZambien
92%
Cap vertCap-verdien
91%
ErythreeÉrythréen
91%
GhanaGhanéen
91%
Île MauriceMauricien
91%
OugandaOugandais
91%
RwandaRwandais
91%
TanzanieTanzanien
91%
TchadTchadien
91%
DjiboutiDjiboutien
87%
TogoTogolais
87%
République centrafricainecentrafricain
85%
MadagascarMalgache
85%
BotswanaBotswanais
81%
BurkinaBurkinabe
79%
ZimbabweZimbabwéen
72%
BurundiBurundais
68%
MalawiMalawien
62%
SeychellesSeychellois
55%
Sierra LeoneSierraléonais
40%
Guinee BissauBissau-Guineen
32%
Guinee EquatorialeÉquatoguinéen
28%
MozambiqueMozambicain
23%
Sao Tomé-et-PrincipeSantoméen
8%
LesothoMosotho
6%

Distribution des résultats

Percentile par nombre de réponses

% des personnes avec chaque résultat

Votre développement - résultats

Vous n’avez pas pris ce quiz